Η στενή εθνολογική συγγένεια των σημερινών Ελλήνων, Βουλγάρων και Τούρκων : Μακεδονία - Θράκη

Αποθηκεύτηκε σε:
Λεπτομέρειες βιβλιογραφικής εγγραφής
Κύριος συγγραφέας: Νακρατζάς, Γεώργιος
Μορφή: Βιβλίο
Γλώσσα:Greek
Δημοσίευση: Θεσσαλονίκη : Μπατάβιας, 1997
Έκδοση:3η έκδ.
Θέματα:
Ετικέτες: Προσθήκη ετικέτας
Δεν υπάρχουν, Καταχωρήστε ετικέτα πρώτοι!

MARC

LEADER 00000nam a2200000 i 4500
001 1/68849
008 990204s1997 gre d
020 |a 960-85800-2-1 
035 |l 10047720 
040 |a GR-MY-UA  |b    |e aacr 
041 0 |a gre 
082 0 |a 306.09495 
100 1 |a Νακρατζάς, Γεώργιος. 
245 1 2 |a Η στενή εθνολογική συγγένεια των σημερινών Ελλήνων, Βουλγάρων και Τούρκων :  |b Μακεδονία - Θράκη /  |c Γεώργιος Νακρατζάς 
250 |a 3η έκδ. 
260 |a Θεσσαλονίκη :   |b Μπατάβιας,   |c 1997 
300 |a 297 σ. 
650 0 0 |a Ethnology  |z Greece. 
651 0 |a Greece  |x History. 
852 |a INST  |b RHODES  |e 19990204  |h 306.09495 ΝΑΚ  |p 005400005631  |q 005400005631  |t BK  |y 0 
901 |a BIBL-1999-1 
909 |a Ρ  |b 057118 
922 |a 4ΕΛΗ  |b 199805  |c ΚΠΣ/ΔΕ  |d EMVASIS